<?xml version="1.0" encoding="UTF-8"?>
<marc:record xmlns:marc="http://www.loc.gov/MARC21/slim">
   <marc:leader>00000nam a2200000 a 4500</marc:leader>
   <marc:datafield ind1="1" ind2=" " tag="100">
      <marc:subfield code="a">Otto, Gerhard</marc:subfield>
      <marc:subfield code="4">edt</marc:subfield>
      <marc:subfield code="e">Bearbeiter/-in</marc:subfield>
   </marc:datafield>
   <marc:datafield ind1=" " ind2=" " tag="653">
      <marc:subfield code="a">Urlaub</marc:subfield>
   </marc:datafield>
   <marc:datafield ind1=" " ind2=" " tag="653">
      <marc:subfield code="a">Ferien</marc:subfield>
   </marc:datafield>
   <marc:datafield ind1=" " ind2=" " tag="653">
      <marc:subfield code="a">Reisen</marc:subfield>
   </marc:datafield>
   <marc:datafield ind1=" " ind2=" " tag="653">
      <marc:subfield code="a">Kriminalgeschichte</marc:subfield>
   </marc:datafield>
   <marc:datafield ind1=" " ind2=" " tag="653">
      <marc:subfield code="a">Mord</marc:subfield>
   </marc:datafield>
   <marc:datafield ind1=" " ind2=" " tag="653">
      <marc:subfield code="a">Ferienlesebuch</marc:subfield>
   </marc:datafield>
   <marc:datafield ind1=" " ind2=" " tag="653">
      <marc:subfield code="a">Detektiv</marc:subfield>
   </marc:datafield>
   <marc:datafield ind1=" " ind2=" " tag="653">
      <marc:subfield code="a">Inspektor</marc:subfield>
   </marc:datafield>
   <marc:datafield ind1=" " ind2=" " tag="653">
      <marc:subfield code="a">England</marc:subfield>
   </marc:datafield>
   <marc:datafield ind1=" " ind2=" " tag="653">
      <marc:subfield code="a">Bretagne</marc:subfield>
   </marc:datafield>
   <marc:datafield ind1=" " ind2=" " tag="653">
      <marc:subfield code="a">Softcover / Belletristik/Anthologien</marc:subfield>
   </marc:datafield>
   <marc:datafield ind1=" " ind2=" " tag="653">
      <marc:subfield code="a">Erzählende Literatur: Anthologien</marc:subfield>
   </marc:datafield>
   <marc:datafield ind1="0" ind2="0" tag="245">
      <marc:subfield code="a">Mordsferien</marc:subfield>
   </marc:datafield>
   <marc:datafield ind1="0" ind2="0" tag="245">
      <marc:subfield code="b">Auf Reisen mit Englands Detektivlegenden</marc:subfield>
   </marc:datafield>
   <marc:datafield ind1=" " ind2="1" tag="264">
      <marc:subfield code="a">Zürich</marc:subfield>
      <marc:subfield code="b">Dörlemann</marc:subfield>
      <marc:subfield code="c">2026</marc:subfield>
   </marc:datafield>
   <marc:datafield ind1="1" ind2=" " tag="490">
      <marc:subfield code="a">Alibi</marc:subfield>
   </marc:datafield>
   <marc:datafield ind1="1" ind2=" " tag="520">
      <marc:subfield code="a">Weilt ein Meisterdetektiv wie Hercule Poirot oder Sherlock Holmes im Urlaub, ist in der Regel der nächste Mordfall nicht weit. Und ein schöner Nebeneffekt dabei ist, dass uns solche Kriminalgeschichten zuverlässig an die schönsten Reiseziele entführen – sei es nun die Küste der Bretagne oder eine griechische Insel.
&lt;br&gt;
Dieses vergnügliche Buch passt in jedes Reisegepäck und sorgt für spannende Unterhaltung im Liegestuhl oder in der Strandbar. Mit klassischen Kriminalgeschichten von Arthur Conan Doyle, Agatha Christie, Baroness Orczy, R. Austin Freeman und vielen anderen.
&lt;br&gt;
»Ja! Wir sind gerade erst aus dem Urlaub zurück, meine gütige Lady und ich – einem wohlverdienten Urlaub, das kann ich Ihnen sagen.
&lt;br&gt;
Wir sind in Porhoët gewesen, wissen Sie – einem hübschen kleinen Dorf im Hinterland der Bretagne, nicht weit von der Küste, ein bezauberndes Fleckchen Erde, verborgen in einem Tal, durch das ein Bergbach fließt, wildromantisch und malerisch – typisch Bretagne eben.
&lt;br&gt;
Wir haben den kleinen Ort ganz zufällig letztes Jahr bei unseren Wanderungen entdeckt und drei Wochen dort verbracht. Dabei ergab sich das merkwürdige Abenteuer, das just vor einem Monat seinen Höhepunkt fand …« Baroness Orczy
&lt;br&gt;
&lt;br&gt;
</marc:subfield>
   </marc:datafield>
   <marc:datafield ind1=" " ind2=" " tag="020">
      <marc:subfield code="a">9783038201946</marc:subfield>
      <marc:subfield code="9">9783038201946</marc:subfield>
   </marc:datafield>
   <marc:datafield ind1=" " ind2=" " tag="020">
      <marc:subfield code="a">3038201944</marc:subfield>
      <marc:subfield code="9">3038201944</marc:subfield>
   </marc:datafield>
   <marc:datafield ind1=" " ind2=" " tag="041">
      <marc:subfield code="a">ger</marc:subfield>
   </marc:datafield>
   <marc:datafield ind1=" " ind2=" " tag="300">
      <marc:subfield code="a">272 Seiten</marc:subfield>
   </marc:datafield>
</marc:record>
